• 首页
  • 本馆介绍
  • 公告通知
  • 最新文献
  • 馆藏检索
  • 电子资源
  • 读者导购
  • 参考咨询
  • 我的图书馆
  • 登录
  • 详细信息显示
  • 放入我的书架
  • 预约/预借图书
  • 作者相关作品
  • 分类相关作品
  • 丛书相关作品
  • 出版社相关作品

书目信息

  • 表格格式
  • 工作单格式
  • 卡片格式
题名:
中国经济理论问题的讨论
    
 
作者: 代成 著
分册:  
出版信息: 北京   人民出版社  1983
页数: 64页
开本: 19cm
丛书名: 中国社会主义现代化建设(13)
单 册:
中图分类: F120.2 , F12
科图分类:
主题词: 社会主义经济-经济理论--中国 , 经济理论-社会主义经济--中国 , 经济--中国
电子资源:
ISBN:
000 00861nam0 2200301 45
001 0183002601
005 20040427084104.4
010    @dCNY0.18
091    @a4001.455
100    @a19950616d1983 em y0chiy0121 ea
101 0  @achi
102    @aCN@b110000
105    @ay z 000yy
106    @ar
200 10 @a中国经济理论问题的讨论@Azhong guo jing ji li lun wen ti de tao lun@f代成著
210    @a北京@c人民出版社@d1983
215    @a64页@d19cm
225    @a中国社会主义现代化建设(13)@e1977-1980
410    @12001 @a中国社会主义现代化建设(13)
606    @a社会主义经济-经济理论@y中国
606    @a经济理论-社会主义经济@y中国
606 0  @a经济@x中国
690    @aF120.2@v3
690    @aF12
701  0 @a代成@Adai cheng@4著
801  0 @aCN@b上海图书馆@c20040427
801  2 @aCN@bNLC@c20040427
905    @f2@b91335-336@dF12@e24@b156069-073@f5
    
    中国经济理论问题的讨论/代成著.-北京:人民出版社,1983
    64页;19cm.-(中国社会主义现代化建设(13):1977-1980)
    
    
    ISBN :CNY0.18
    
●
相关链接 在E读中查询图书 在五车中查询图书 在当当中查询图书 在豆瓣中查询图书


正题名:中国经济理论问题的讨论     索取号:F12/24         预约/预借

序号 登录号 条形码 馆藏地/架位号 状态 备注
1 0091335   000197842   密集书库/ [索取号:F12/24] 在馆    
2 0091336   000197806   密集书库/ [索取号:F12/24] 在馆    
3 0091337   000197888   第一样本阅览室/ [索取号:F12/24] 在馆    
4 0156069   000197968   密集书库/ [索取号:F12/24] 在馆    
5 0156070   000198002   密集书库/ [索取号:F12/24] 在馆    
6 0156071   000198048   密集书库/ [索取号:F12/24] 在馆    
7 0156072   000198084   密集书库/ [索取号:F12/24] 在馆    
8 0156073   000197922   密集书库/ [索取号:F12/24] 在馆    
唐山师范学院图书馆 欢迎您!
大连网信软件有限公司© 版权所有